[Event "Qatar Masters Open 2024"]
[Site "Doha QAT"]
[Date "2024.12.09"]
[Round "6.67"]
[White "Baradaran Tamadon, Arian"]
[Black "Omar, Noaman"]
[Result "1-0"]
[WhiteTitle "FM"]
[BlackTitle "IM"]
[WhiteElo "2334"]
[BlackElo "2315"]
[WhiteFideId "12595837"]
[BlackFideId "9300244"]
[EventDate "2024.12.03"]

1. e4 c6 2. d4 d5 3. exd5 cxd5 4. c4 Nf6 5. Nc3 e6 6. Nf3 Bb4 7. cxd5 Nxd5 8.
Bd2 Nc6 9. Bd3 Nf6 10. O-O O-O 11. Qe2 Be7 12. Rac1 Nxd4 13. Nxd4 Qxd4 14. Nb5
Qd8 15. Nc7 Rb8 16. Rfd1 Nd5 17. Nxd5 exd5 18. Bf4 Ra8 19. Bc7 Qd7 20. Be4 d4
21. Be5 Qe6 22. Bxd4 Bf6 23. Bxf6 Qxf6 24. b3 Rb8 25. Qf3 Qb6 26. Rd2 Be6 27.
Rdc2 a5 28. h3 Qb5 29. Rc5 Qb4 30. Bf5 b6 31. Rc7 Bxf5 32. Qxf5 Rbe8 33. R1c4
Qd6 34. Qf4 Qd1+ 35. Kh2 g6 36. Rd4 Qe2 37. Rd6 Re5 38. Rf6 Re7 39. Rxe7 Qxe7
40. Rxb6 Qa3 41. Ra6 Qxa2 42. b4 a4 43. b5 a3 44. b6 Qb2 45. Qc7 a2 46. Qa7 Qxf2
47. Rxa2 Qf4+ 48. g3 Qd6 49. b7 Kg7 50. Qe3 Rb8 51. Qc3+ Qf6 52. Qc7 Qe6 53. Rf2
Qe8 54. h4 h5 55. Ra2 Qe6 56. Rb2 Qe8 57. Rf2 Qf8 58. Kg1 Re8 59. Rf1 Rd8 60.
Qe5+ Kg8 61. Rc1 Qb4 62. Rc8 Qb6+ 63. Qc5 Qb1+ 64. Kh2 Qa2+ 65. Qc2 Qxc2+ 66.
Rxc2 Kg7 67. Rc8 1-0

[Event "Qatar Masters Open 2024"]
[Site "Doha QAT"]
[Date "2024.12.09"]
[Round "6.68"]
[White "Jeet, Jain"]
[Black "Luong Phuong Hanh"]
[Result "1-0"]
[WhiteTitle "FM"]
[BlackTitle "WIM"]
[WhiteElo "2301"]
[BlackElo "2225"]
[WhiteFideId "5073022"]
[BlackFideId "12401013"]
[EventDate "2024.12.03"]

1. e4 c5 2. Nf3 e6 3. d4 cxd4 4. Nxd4 a6 5. c4 Nf6 6. Nc3 Qc7 7. a3 b6 8. f4 d6
9. Bd3 Be7 10. f5 O-O 11. O-O Nc6 12. Nxc6 Qxc6 13. g4 d5 14. exd5 exd5 15. Qf3
Qc5+ 16. Be3 d4 17. b4 Qd6 18. Ne4 Nxe4 19. Bxe4 Ra7 20. Rad1 Bf6 21. g5 Be5 22.
f6 g6 23. Bf4 Be6 24. Bxe5 Qxe5 25. Qf4 Qxf4 26. Rxf4 Bxc4 27. Rxd4 Bb5 28. Rd6
Rc7 29. Bd5 h6 30. h4 hxg5 31. hxg5 Rc3 32. Rf3 Rc1+ 33. Kg2 Re8 34. Rxb6 Re2+
35. Rf2 Re5 36. Rd2 Rxg5+ 37. Kf2 Re5 38. Kg3 Rg5+ 39. Kf4 Rf5+ 40. Ke3 Rc3+ 41.
Kd4 Rc8 42. Rd6 Rf4+ 43. Ke5 Rh4 44. Ba2 Re8+ 45. Kd5 Rhe4 46. Kc5 Re3 47. Rd8
Rc3+ 48. Kb6 Rxa3 49. Bc4 Re3 50. Bxb5 axb5 51. Rxe8+ Rxe8 52. Kxb5 Re6 53. Rf2
Kf8 54. Ka5 Ke8 55. b5 Kd7 56. b6 Kc8 57. Ka6 Re1 58. Rc2+ Kb8 59. Rc7 Ra1+ 60.
Kb5 Rb1+ 61. Kc6 Rc1+ 62. Kd6 Rb1 63. Rxf7 Rxb6+ 64. Ke7 Rb7+ 65. Kf8 Rb1 66.
Kg7 Kc8 67. Ra7 1-0

[Event "Qatar Masters Open 2024"]
[Site "Doha QAT"]
[Date "2024.12.09"]
[Round "6.69"]
[White "Bhagat Kush"]
[Black "Yakubbaeva, Nilufar"]
[Result "1-0"]
[WhiteTitle "FM"]
[BlackTitle "WGM"]
[WhiteElo "2288"]
[BlackElo "2241"]
[WhiteFideId "46672940"]
[BlackFideId "14204487"]
[EventDate "2024.12.03"]

1. e4 e5 2. Nf3 Nc6 3. Bc4 Bc5 4. d3 Nf6 5. Bg5 h6 6. Bh4 d6 7. c3 O-O 8. Nbd2
a6 9. O-O Bb6 10. a4 Be6 11. b4 Qe7 12. Qb3 g5 13. Bg3 Nh5 14. a5 Ba7 15. b5
axb5 16. Qxb5 Nxg3 17. hxg3 Bd7 18. Qb2 h5 19. Bd5 Rab8 20. Nb3 Kg7 21. Qd2 f6
22. d4 Nd8 23. Rfe1 Nf7 24. a6 b5 25. Na5 Qe8 26. c4 bxc4 27. Bxc4 g4 28. Nh4
Bxd4 29. Rac1 Rb2 30. Rc2 Qb8 31. Rxb2 Qxb2 32. Qxb2 Bxb2 33. Bd5 Bc3 34. Rb1
Bd4 35. Rb7 Bc8 36. Nc6 Bb6 37. Rxb6 cxb6 38. a7 Be6 39. Nb8 1-0

[Event "Qatar Masters Open 2024"]
[Site "Doha QAT"]
[Date "2024.12.10"]
[Round "7.1"]
[White "Sargsyan, Shant"]
[Black "Erigaisi, Arjun"]
[Result "1/2-1/2"]
[WhiteTitle "GM"]
[BlackTitle "GM"]
[WhiteElo "2646"]
[BlackElo "2801"]
[WhiteFideId "13306766"]
[BlackFideId "35009192"]
[EventDate "2024.12.03"]

1. e4 c5 2. Nf3 d6 3. Bb5+ Nd7 4. O-O a6 5. Bd3 Ngf6 6. c3 b5 7. a4 b4 8. Bc2
Bb7 9. Re1 Qc7 10. d3 bxc3 11. bxc3 g6 12. Nbd2 Bg7 13. a5 O-O 14. d4 cxd4 15.
cxd4 Rac8 16. Bd3 e5 17. dxe5 Ng4 18. Rb1 Ngxe5 19. Nxe5 Nxe5 20. Bf1 d5 21. h3
dxe4 22. Nxe4 Rfd8 23. Qb3 Bxe4 24. Rxe4 Rb8 25. Rb4 Nc6 26. Rxb8 Rxb8 27. Qc2
Rxb1 28. Qxb1 Nxa5 29. Be3 Qb7 30. Qxb7 Nxb7 31. Bxa6 1/2-1/2

[Event "Qatar Masters Open 2024"]
[Site "Doha QAT"]
[Date "2024.12.10"]
[Round "7.2"]
[White "Esipenko, Andrey"]
[Black "Salem, A.R. Saleh"]
[Result "1-0"]
[WhiteTitle "GM"]
[BlackTitle "GM"]
[WhiteElo "2682"]
[BlackElo "2622"]
[WhiteFideId "24175439"]
[BlackFideId "9301348"]
[EventDate "2024.12.03"]

1. e4 c5 2. Nf3 d6 3. d4 cxd4 4. Nxd4 Nf6 5. Nc3 a6 6. Bg5 e6 7. Qf3 h6 8. Bd2
Qb6 9. Nb3 Qc7 10. O-O-O Nc6 11. Qg3 b5 12. Re1 Bb7 13. f4 O-O-O 14. Bd3 Nb4 15.
Kb1 d5 16. e5 Nd7 17. f5 Kb8 18. fxe6 fxe6 19. Rhf1 Nxd3 20. cxd3 Nc5 21. Nd4 b4
22. Nce2 Qb6 23. Rc1 a5 24. Rf7 Rc8 25. Qg6 h5 26. Be3 a4 27. Nf4 Qa6 28. Ndxe6
d4 29. Bxd4 Nxe6 30. Qxe6 Rxc1+ 31. Kxc1 1-0

[Event "Qatar Masters Open 2024"]
[Site "Doha QAT"]
[Date "2024.12.10"]
[Round "7.3"]
[White "Karthikeyan, Murali"]
[Black "Tabatabaei, M. Amin"]
[Result "1-0"]
[WhiteTitle "GM"]
[BlackTitle "GM"]
[WhiteElo "2637"]
[BlackElo "2695"]
[WhiteFideId "5074452"]
[BlackFideId "12521213"]
[EventDate "2024.12.03"]

1. e4 c5 2. c3 Nf6 3. e5 Nd5 4. d4 cxd4 5. cxd4 d6 6. Nf3 e6 7. Bc4 dxe5 8. dxe5
b6 9. O-O Bb7 10. Qe2 Bc5 11. Rd1 O-O 12. Bd3 Nd7 13. Ng5 g6 14. Nc3 Nxc3 15.
bxc3 Qc7 16. Bf4 Rfd8 17. Qg4 Nf8 18. h4 Rd7 19. Be4 Rad8 20. Rxd7 Rxd7 21. Bxb7
Qxb7 22. Re1 h5 23. Qg3 Rd5 24. Ne4 Nd7 25. Qg5 Bf8 26. g4 Bg7 27. gxh5 Nxe5 28.
Bxe5 Bxe5 29. Qg4 Bg7 30. Qg2 Qe7 31. Ng5 Qf6 32. Qxd5 exd5 33. Re8+ Bf8 34.
Rxf8+ Kxf8 35. Nh7+ 1-0

[Event "Qatar Masters Open 2024"]
[Site "Doha QAT"]
[Date "2024.12.10"]
[Round "7.4"]
[White "Madaminov, Mukhiddin"]
[Black "Yakubboev, Nodirbek"]
[Result "1/2-1/2"]
[WhiteTitle "GM"]
[BlackTitle "GM"]
[WhiteElo "2501"]
[BlackElo "2668"]
[WhiteFideId "14210703"]
[BlackFideId "14203987"]
[EventDate "2024.12.03"]

1. e4 c6 2. Nf3 d5 3. Nc3 Bg4 4. h3 Bxf3 5. Qxf3 e6 6. Be2 d4 7. Nb1 Ne7 8. d3
Ng6 9. g3 h5 10. h4 a5 11. Qg2 a4 12. a3 e5 13. O-O Nd7 14. Nd2 Be7 15. Nf3 Ngf8
16. Ng5 f6 17. Nh3 g5 18. hxg5 fxg5 19. Qf3 g4 20. Qf5 Bf6 21. Ng5 Qe7 22. f4
Rg8 23. Bd2 exf4 24. gxf4 Bxg5 25. fxg5 Ng6 26. c3 O-O-O 27. Qa5 Qd6 28. Rf2
Rgf8 29. Raf1 Qg3+ 30. Rg2 Rxf1+ 31. Bxf1 Qe5 32. Qa8+ Kc7 33. Qxa4 dxc3 34.
Bxc3 Qxg5 35. Ba5+ Kb8 36. Bxd8 Qxd8 37. Qd4 Qe7 38. Rf2 Nde5 39. Qe3 Nf3+ 40.
Rxf3 gxf3 41. Qxf3 Qg5+ 42. Qg2 Qe3+ 43. Qf2 Qg5+ 44. Qg2 Qe3+ 45. Qf2 1/2-1/2

[Event "Qatar Masters Open 2024"]
[Site "Doha QAT"]
[Date "2024.12.10"]
[Round "7.5"]
[White "Mendonca, Leon Luke"]
[Black "Abdisalimov, Abdimalik"]
[Result "1/2-1/2"]
[WhiteTitle "GM"]
[BlackTitle "GM"]
[WhiteElo "2642"]
[BlackElo "2536"]
[WhiteFideId "35028561"]
[BlackFideId "14206323"]
[EventDate "2024.12.03"]

1. e4 e6 2. d4 d5 3. Nc3 Nf6 4. Bg5 dxe4 5. Nxe4 Be7 6. Bxf6 gxf6 7. Nf3 a6 8.
c4 f5 9. Nc3 Bf6 10. Qd2 c5 11. dxc5 Qxd2+ 12. Kxd2 a5 13. g3 Bd7 14. Bg2 Na6
15. Rhd1 O-O-O 16. Kc2 a4 17. Nd4 Nb4+ 18. Kc1 Kb8 19. Nc2 Na6 20. c6 bxc6 21.
Nxa4 Kc7 22. Rb1 c5 23. Nc3 Bxc3 24. bxc3 Bc6 25. Bxc6 Kxc6 26. Ne1 Rxd1+ 27.
Kxd1 Nb8 28. Nd3 Nd7 29. a4 Ra8 30. Ra1 e5 31. f4 f6 32. Kc2 h5 33. Rf1 e4 34.
Nb2 h4 35. Nd1 hxg3 36. hxg3 Rxa4 37. Kb3 Ra8 38. Ne3 Rb8+ 39. Kc2 Nb6 40. Rh1
Kd7 41. Ra1 Rb7 42. Ra6 Kc7 43. Kd1 Kd7 44. Kc1 Kc7 45. Kd2 Kd7 46. Kc2 Kc7 47.
Ra1 Kd7 48. Rb1 Kc6 49. Rh1 Na4 50. Rh6 Rb2+ 51. Kc1 Re2 52. Rxf6+ Kd7 53. Nxf5
Nxc3 54. Rd6+ Kc7 55. Re6 1/2-1/2

[Event "Qatar Masters Open 2024"]
[Site "Doha QAT"]
[Date "2024.12.10"]
[Round "7.6"]
[White "Abdusattorov, Nodirbek"]
[Black "Bharath, Subramaniyam H"]
[Result "1-0"]
[WhiteTitle "GM"]
[BlackTitle "GM"]
[WhiteElo "2777"]
[BlackElo "2561"]
[WhiteFideId "14204118"]
[BlackFideId "46634827"]
[EventDate "2024.12.03"]

1. e4 e5 2. Nf3 Nc6 3. Bb5 Nf6 4. d3 Bc5 5. Bxc6 dxc6 6. O-O Bg4 7. Bg5 h6 8.
Bh4 Qe7 9. Nbd2 O-O-O 10. Bg3 g5 11. Bxe5 Rhg8 12. Bc3 Nh5 13. Kh1 Nf4 14. Qe1
h5 15. Ng1 Be6 16. Nb3 Bd6 17. Nd4 h4 18. Nxe6 Qxe6 19. Qe3 Kb8 20. Ne2 Nxe2 21.
Qxe2 g4 22. f4 f5 23. Rae1 h3 24. g3 Rde8 25. b3 Rgf8 26. a4 c5 27. Kg1 Qd7 28.
Qf2 b6 29. exf5 Qxf5 30. Be5 Bxe5 31. fxe5 Qc8 32. Qe3 Rxf1+ 33. Kxf1 Rf8+ 34.
Ke2 Qe6 35. Qe4 a5 36. Rf1 Rxf1 37. Kxf1 Qh6 38. Kf2 Qc1 39. Qe2 Qh1 40. Ke3 c6
41. e6 Qc1+ 42. Kf2 Qh1 43. e7 Qxh2+ 44. Ke3 Qxg3+ 45. Ke4 1-0

[Event "Qatar Masters Open 2024"]
[Site "Doha QAT"]
[Date "2024.12.10"]
[Round "7.7"]
[White "Lodici, Lorenzo"]
[Black "Maghsoodloo, Parham"]
[Result "1-0"]
[WhiteTitle "GM"]
[BlackTitle "GM"]
[WhiteElo "2564"]
[BlackElo "2703"]
[WhiteFideId "884189"]
[BlackFideId "12539929"]
[EventDate "2024.12.03"]

1. d4 Nf6 2. c4 e6 3. Nc3 Bb4 4. g3 d5 5. Bg2 c6 6. Nf3 Nbd7 7. Nd2 Nb6 8. a3
Be7 9. b3 O-O 10. O-O dxc4 11. Nxc4 Nfd5 12. Bb2 Nxc4 13. bxc4 Nb6 14. Qb3 Qxd4
15. Nd5 Qc5 16. Nxe7+ Qxe7 17. a4 Nd7 18. a5 Rb8 19. Rfd1 f6 20. Rd2 Rf7 21.
Rad1 c5 22. Qa4 a6 23. Ba3 g5 24. Rd6 Kg7 25. Qb3 Qd8 26. Bh3 Qxa5 27. Bxe6 Ne5
28. Bxf7 Nxf7 29. Rb6 Bg4 30. f3 Rd8 31. Rxb7 Bc8 32. Re7 g4 33. Rxd8 Qxd8 34.
Bxc5 Qa5 35. Bb4 Qa1+ 36. Kg2 Kg6 37. fxg4 Bxg4 38. Qd3+ Bf5 39. e4 Bg4 40. Bc3
Qa3 41. Rb7 Ng5 42. h4 Bf3+ 43. Kf2 Bxe4 44. Rg7+ Kh5 45. g4+ Kh6 46. hxg5+ fxg5
47. Qh3# 1-0

[Event "Qatar Masters Open 2024"]
[Site "Doha QAT"]
[Date "2024.12.10"]
[Round "7.8"]
[White "Artemiev, Vladislav"]
[Black "Raja, Rithvik R"]
[Result "1-0"]
[WhiteTitle "GM"]
[BlackTitle "GM"]
[WhiteElo "2701"]
[BlackElo "2521"]
[WhiteFideId "24101605"]
[BlackFideId "35007394"]
[EventDate "2024.12.03"]

1. c4 c5 2. Nf3 Nc6 3. Nc3 Nf6 4. g3 d5 5. cxd5 Nxd5 6. Bg2 g6 7. Qa4 Bg7 8. Ng5
e6 9. Nge4 Nb6 10. Qd1 Qe7 11. d3 h6 12. Be3 Nd4 13. a4 O-O 14. a5 Nd7 15. O-O
Rb8 16. Bxd4 cxd4 17. Nb5 a6 18. Nbd6 Ne5 19. Qb3 Bd7 20. Qa3 b5 21. Nxb5 Qxa3
22. Nxa3 Rxb2 23. f4 Ng4 24. Nc5 Rd8 25. Nc4 Rc2 26. Nxa6 Ne3 27. Nb4 Rxe2 28.
Bf3 Nxf1 29. Bxe2 Ne3 30. Nb6 Bf8 31. Nxd7 Bxb4 32. Ne5 Bc3 33. Ra2 Nd5 34. a6
Nb4 35. Ra4 f6 36. Nc4 1-0

[Event "Qatar Masters Open 2024"]
[Site "Doha QAT"]
[Date "2024.12.10"]
[Round "7.9"]
[White "Adhiban, Baskaran"]
[Black "Vokhidov, Shamsiddin"]
[Result "1/2-1/2"]
[WhiteTitle "GM"]
[BlackTitle "GM"]
[WhiteElo "2535"]
[BlackElo "2681"]
[WhiteFideId "5018471"]
[BlackFideId "14204223"]
[EventDate "2024.12.03"]

1. e4 c5 2. Nf3 d6 3. d4 cxd4 4. Nxd4 Nf6 5. Nc3 a6 6. Bc4 e6 7. Be3 b5 8. Bb3
Be7 9. a3 O-O 10. Qe2 Bb7 11. f3 Nbd7 12. O-O-O Nc5 13. g4 Nxb3+ 14. cxb3 d5 15.
g5 Nh5 16. exd5 Bxg5 17. dxe6 Nf4 18. Bxf4 Bxf4+ 19. Kb1 Qf6 20. Rhe1 fxe6 21.
Qxe6+ Qf7 22. Ne4 Rae8 23. Qxf7+ Kxf7 24. Nf5 Bxe4+ 25. fxe4 Rd8 26. h3 Kf6 27.
Nd4 Rfe8 28. a4 b4 29. e5+ Bxe5 30. Nc6 Rxd1+ 31. Rxd1 g5 32. Nxb4 Re6 33. Nd3
Bd6 34. b4 h5 35. Nc5 Bxc5 36. bxc5 a5 37. Rc1 Rc6 38. b4 axb4 39. Kb2 g4 40.
hxg4 hxg4 41. Kb3 Ke7 42. Kxb4 g3 43. Kb5 Kd7 44. Rh1 Rg6 45. c6+ Kc7 46. Rh7+
Kd8 47. Rh8+ Kc7 48. Rh7+ Kd8 49. Rh8+ 1/2-1/2

[Event "Qatar Masters Open 2024"]
[Site "Doha QAT"]
[Date "2024.12.10"]
[Round "7.10"]
[White "Nihal, Sarin"]
[Black "Shuvalova, Polina"]
[Result "1/2-1/2"]
[WhiteTitle "GM"]
[BlackTitle "IM"]
[WhiteElo "2676"]
[BlackElo "2504"]
[WhiteFideId "25092340"]
[BlackFideId "24171760"]
[EventDate "2024.12.03"]

1. d4 Nf6 2. Nf3 d5 3. c4 e6 4. Nc3 Be7 5. cxd5 exd5 6. h3 c6 7. Bf4 Bd6 8. Bxd6
Qxd6 9. e3 Bf5 10. Nh4 Be4 11. Be2 Nbd7 12. O-O h6 13. Nxe4 Nxe4 14. Bd3 g6 15.
Rc1 Qe7 16. Nf3 O-O 17. Qb3 Nd6 18. Qc2 Kg7 19. Nd2 h5 20. Rce1 Rae8 21. a4 a6
22. b4 Nb6 23. Re2 Rc8 24. Rfe1 Rfe8 25. f3 f5 26. e4 dxe4 27. fxe4 fxe4 28.
Nxe4 Nxe4 29. Rxe4 Qd7 30. Qe2 Rxe4 31. Qxe4 Qf7 32. Re3 Nd7 33. Rf3 Qe8 34. Qh4
Qe6 35. Bc4 Qxc4 36. Qe7+ Kg8 37. Qxd7 Rf8 38. Rg3 Rf6 39. Qc8+ Kh7 40. Qc7+ Qf7
41. Qxf7+ Rxf7 42. Re3 1/2-1/2

[Event "Qatar Masters Open 2024"]
[Site "Doha QAT"]
[Date "2024.12.10"]
[Round "7.11"]
[White "Fawzy, Adham"]
[Black "Naiditsch, Arkadij"]
[Result "1-0"]
[WhiteTitle "GM"]
[BlackTitle "GM"]
[WhiteElo "2493"]
[BlackElo "2636"]
[WhiteFideId "10613129"]
[BlackFideId "4650891"]
[EventDate "2024.12.03"]

1. e4 e5 2. Nf3 Nc6 3. Nc3 Nf6 4. Bb5 Bd6 5. d3 O-O 6. a3 Nd4 7. Nxd4 exd4 8.
Ne2 c6 9. Bc4 Bc7 10. O-O Re8 11. Bf4 d5 12. exd5 cxd5 13. Bb3 Bb6 14. Ng3 Bg4
15. Qc1 h6 16. Re1 g5 17. Rxe8+ Nxe8 18. Bd2 Ng7 19. f4 f6 20. Qf1 Kh7 21. Re1
Qd7 22. fxg5 fxg5 23. Bb4 Re8 24. Rxe8 Nxe8 25. Qf8 Ng7 26. Be7 Be6 27. Bc5 Qc7
28. Bxb6 Qxb6 29. Qf6 Qc5 30. Ne2 Qa5 31. Kf2 Bg4 32. Qxd4 Bxe2 33. Kxe2 Ne6 34.
Qe3 Nf4+ 35. Kf1 Qd8 36. g3 Ng6 37. Qxa7 Qd7 38. Qd4 Qh3+ 39. Kg1 Nf4 40. gxf4 1-0

[Event "Qatar Masters Open 2024"]
[Site "Doha QAT"]
[Date "2024.12.10"]
[Round "7.13"]
[White "Paravyan, David"]
[Black "Srihari, L R"]
[Result "1-0"]
[WhiteTitle "GM"]
[BlackTitle "IM"]
[WhiteElo "2620"]
[BlackElo "2484"]
[WhiteFideId "4194985"]
[BlackFideId "46617116"]
[EventDate "2024.12.03"]

1. e4 c6 2. d4 d5 3. e5 c5 4. c3 Nc6 5. h3 Bf5 6. dxc5 Nxe5 7. Nf3 Nxf3+ 8. Qxf3
Qd7 9. a4 a6 10. Bd3 Bxd3 11. Qxd3 e5 12. b4 Ne7 13. O-O Ng6 14. c4 d4 15. f4
exf4 16. a5 Be7 17. Bxf4 O-O 18. Nc3 Nxf4 19. Rxf4 Qe6 20. Nd5 Bg5 21. Re4 Qg6
22. Rae1 Kh8 23. Rxd4 Qh6 24. Qf5 Bh4 25. Ree4 Bg3 26. Re3 Bh4 27. Rde4 Rad8 28.
Kh2 Kg8 29. Re2 g6 30. Qg4 Bg5 31. Qf3 f5 32. Re6 Qh4 33. Qg3 Qh6 34. Qe5 Qh4
35. Qg3 Qh6 36. Ne7+ Kh8 37. Qe5+ Qg7 38. Nd5 Kg8 39. Qxg7+ Kxg7 40. Kg3 Rd7 41.
Kf3 Rfd8 42. g3 Kf8 43. h4 Bc1 44. c6 bxc6 45. Rxc6 Rd6 46. Rc7 h6 47. Ree7 Bb2
48. h5 g5 49. Rf7+ 1-0

[Event "Qatar Masters Open 2024"]
[Site "Doha QAT"]
[Date "2024.12.10"]
[Round "7.14"]
[White "Idani, Pouya"]
[Black "Mamedov, Edgar"]
[Result "1-0"]
[WhiteTitle "GM"]
[BlackTitle "IM"]
[WhiteElo "2603"]
[BlackElo "2441"]
[WhiteFideId "12510130"]
[BlackFideId "13739980"]
[EventDate "2024.12.03"]

1. d4 d5 2. Nf3 e6 3. Bf4 Nf6 4. e3 c5 5. c3 Nc6 6. Nbd2 cxd4 7. exd4 Nh5 8. Be3
Bd6 9. Bd3 Nf4 10. Bxf4 Bxf4 11. O-O O-O 12. Re1 g6 13. Nf1 Bd7 14. Ne3 h5 15.
g3 Bd6 16. Nd2 Rb8 17. a4 Kg7 18. f4 h4 19. Nf3 hxg3 20. hxg3 Rh8 21. Kg2 f5 22.
Qe2 Qf6 23. Nd1 a6 24. Nf2 Rbe8 25. Nh3 Nd8 26. Nhg5 Rh5 27. Rh1 Reh8 28. Rxh5
Rxh5 29. b4 Bc8 30. Rc1 Qe7 31. b5 a5 32. c4 dxc4 33. Bxc4 Rh8 34. Bb3 Nf7 35.
Nxf7 Qxf7 36. Ng5 Qe7 37. Bxe6 b6 38. d5 Bb7 39. Qb2+ Qf6 40. Qxf6+ Kxf6 41. Nf7
Rc8 42. Rxc8 1-0

[Event "Qatar Masters Open 2024"]
[Site "Doha QAT"]
[Date "2024.12.10"]
[Round "7.15"]
[White "Chanda, Sandipan"]
[Black "Daneshvar, Bardiya"]
[Result "1/2-1/2"]
[WhiteTitle "GM"]
[BlackTitle "GM"]
[WhiteElo "2480"]
[BlackElo "2600"]
[WhiteFideId "5004225"]
[BlackFideId "12576468"]
[EventDate "2024.12.03"]

1. d4 Nf6 2. c4 e6 3. Nc3 Bb4 4. e3 b6 5. Bd2 Bb7 6. Nf3 Bxc3 7. Bxc3 Ne4 8. Bd3
Nxc3 9. bxc3 d6 10. O-O O-O 11. Nd2 Qg5 12. g3 c5 13. Qe2 Nc6 14. f4 Qe7 15. d5
Nb8 16. e4 Nd7 17. Rae1 Rae8 18. Nf3 g6 19. Qd2 Kh8 20. Re2 Qf6 21. e5 dxe5 22.
Nxe5 Qd8 23. d6 f6 24. Nxg6+ hxg6 25. f5 Kg7 26. fxe6 Ne5 27. e7 Qxd6 28.
exf8=Q+ Rxf8 29. Qf4 g5 30. Qf5 Qxd3 31. Rxe5 Qxf5 32. Rexf5 Ba6 33. Rd5 Bxc4
34. Rd7+ Kg6 35. Re1 a5 36. a3 b5 37. g4 Rf7 38. Red1 Be6 39. Rxf7 Kxf7 40. Rb1
Bc4 41. Kf2 Ke6 42. Ke3 Ke5 43. Rb2 a4 44. Kf3 Bb3 45. Ke3 Bc4 46. h3 Bb3 47.
Rh2 f5 48. gxf5 Kxf5 49. Rf2+ Ke5 50. Rf8 Be6 51. Rh8 Kd5 52. Rh6 Bd7 53. h4
gxh4 54. Rxh4 Bc8 55. c4+ bxc4 56. Rh6 Bg4 57. Kd2 c3+ 58. Kxc3 Bd1 59. Rh1 1/2-1/2

[Event "Qatar Masters Open 2024"]
[Site "Doha QAT"]
[Date "2024.12.10"]
[Round "7.16"]
[White "Martirosyan, Haik M."]
[Black "Suyarov, Mukhammadzokhid"]
[Result "1/2-1/2"]
[WhiteTitle "GM"]
[BlackTitle "IM"]
[WhiteElo "2656"]
[BlackElo "2466"]
[WhiteFideId "13306553"]
[BlackFideId "14210495"]
[EventDate "2024.12.03"]

1. d4 e6 2. c4 Nf6 3. Nf3 d5 4. Nc3 c6 5. Bg5 h6 6. Bh4 dxc4 7. e4 g5 8. Bg3 b5
9. h4 g4 10. Ne5 Bg7 11. Nxg4 Nxg4 12. Qxg4 Bxd4 13. O-O-O Qb6 14. Rxd4 Qxd4 15.
Be2 Nd7 16. Rd1 h5 17. Qf3 Qf6 18. e5 Qxf3 19. Bxf3 Bb7 20. Ne4 Ke7 21. Nd6 Rab8
22. Nxf7 Rhf8 23. Ng5 Rxf3 24. gxf3 Nc5 25. Rd6 Rd8 26. Kc2 a6 27. Kc3 Na4+ 28.
Kc2 Nc5 29. Bf4 Rxd6 30. exd6+ Kd7 31. Nh7 e5 32. Bxe5 Ke6 33. f4 Nd7 34. Ng5+
Kf5 35. Nf7 c5 36. Bh8 Be4+ 37. Kd2 Kxf4 38. Ne5 1/2-1/2

[Event "Qatar Masters Open 2024"]
[Site "Doha QAT"]
[Date "2024.12.10"]
[Round "7.17"]
[White "Goutham Krishna H"]
[Black "Narayanan, S.L."]
[Result "1/2-1/2"]
[WhiteTitle "IM"]
[BlackTitle "GM"]
[WhiteElo "2466"]
[BlackElo "2647"]
[WhiteFideId "25983504"]
[BlackFideId "5058422"]
[EventDate "2024.12.03"]

1. g3 e5 2. Bg2 d5 3. d3 Nf6 4. Nf3 Bd6 5. O-O h6 6. c4 c6 7. cxd5 cxd5 8. Nc3
Nc6 9. e4 d4 10. Nd5 O-O 11. Nxf6+ Qxf6 12. Ne1 g5 13. Bd2 Kh8 14. Qh5 Rg8 15.
Bh3 Qg6 16. Qxg6 Rxg6 17. Bxc8 Rxc8 18. Nf3 f6 19. Rfc1 Rg7 20. Rc2 Rgc7 21.
Rac1 Kg7 22. Kf1 a5 23. h4 a4 24. a3 Kg6 25. g4 Nd8 26. Rxc7 Rxc7 27. h5+ Kf7
28. Rxc7+ Bxc7 29. Ke1 Nc6 30. Ng1 Bd6 31. Ne2 Ke6 32. Ng3 Ne7 33. Kd1 Kd7 34.
Ba5 Bc5 35. Kc2 b6 36. Bd2 Kc6 37. Kb1 b5 38. Ba5 Bb6 39. Bb4 Bc5 40. Ba5 Bb6 1/2-1/2

[Event "Qatar Masters Open 2024"]
[Site "Doha QAT"]
[Date "2024.12.10"]
[Round "7.18"]
[White "Nguyen, Ngoc Truong Son"]
[Black "Gan-Erdene, Sugar"]
[Result "1/2-1/2"]
[WhiteTitle "GM"]
[BlackTitle "IM"]
[WhiteElo "2646"]
[BlackElo "2437"]
[WhiteFideId "12401110"]
[BlackFideId "4902980"]
[EventDate "2024.12.03"]

1. d4 Nf6 2. c4 e6 3. Nf3 d5 4. Nc3 Bb4 5. Bg5 h6 6. Bxf6 Qxf6 7. e3 O-O 8. Rc1
dxc4 9. Bxc4 c5 10. O-O cxd4 11. Ne4 Qe7 12. a3 Ba5 13. exd4 Rd8 14. Rc2 Bd7 15.
Re2 Bc6 16. Qc2 Bxe4 17. Qxe4 Nc6 18. h4 Bb6 19. Rd1 Qf6 20. d5 exd5 21. Bxd5
Rd6 22. Ng5 hxg5 23. hxg5 Qxg5 24. Bxf7+ Kxf7 25. Rxd6 Qc1+ 26. Re1 Bxf2+ 27.
Kxf2 Qc5+ 28. Re3 Qxd6 29. Qc4+ Kf8 30. Rf3+ Ke7 31. Qf7+ Kd8 32. Qf8+ Kd7 33.
Qxa8 Qd2+ 34. Kg3 Qg5+ 35. Kf2 Qd2+ 36. Kg3 Qg5+ 37. Kf2 1/2-1/2

[Event "Qatar Masters Open 2024"]
[Site "Doha QAT"]
[Date "2024.12.10"]
[Round "7.19"]
[White "Nigmatov, Ortik"]
[Black "Pranav, V"]
[Result "0-1"]
[WhiteTitle "IM"]
[BlackTitle "GM"]
[WhiteElo "2447"]
[BlackElo "2621"]
[WhiteFideId "14202131"]
[BlackFideId "25060783"]
[EventDate "2024.12.03"]

1. e4 e5 2. Nf3 Nc6 3. Bc4 Nf6 4. Ng5 d5 5. exd5 Na5 6. Bb5+ c6 7. dxc6 bxc6 8.
Bd3 Nd5 9. h4 h6 10. Qh5 Qf6 11. Ne4 Qe7 12. Be2 g6 13. Qf3 f5 14. Nec3 Nb4 15.
Bd1 Be6 16. Qg3 Qf6 17. d3 Bd6 18. Bd2 Nb7 19. Qf3 Qg7 20. g3 O-O 21. Qg2 Kh7
22. h5 g5 23. g4 Nc5 24. O-O Qd7 25. Na3 fxg4 26. Ne4 Nxe4 27. Qxe4+ Kh8 28. Nc4
Nd5 29. Nxe5 Bxe5 30. Qxe5+ Kg8 31. c4 Nf4 32. Bc3 Kh7 33. Ba4 Rac8 34. Rae1 Rf7
35. d4 Bxc4 36. d5 Qxd5 37. Bc2+ Bd3 38. Bxd3+ Nxd3 39. Qe6 Qxe6 40. Rxe6 Nf4
41. Rd6 Nxh5 42. Re1 Nf4 43. Kh2 Rcf8 44. Bd4 Rg8 45. Rxc6 Rg6 46. Rec1 a6 47.
Rxg6 Nxg6 48. Rc6 Nh4 49. Be3 Rf3 50. Rxa6 Rh3+ 51. Kg1 g3 52. fxg3 Rxg3+ 53.
Kf2 Rg2+ 54. Kf1 Rxb2 55. a4 Nf5 56. Bf2 Kg7 57. Rb6 Ra2 58. Rb5 Kg6 59. Rb6+
Kh5 60. Rb5 Nd6 61. Rb4 g4 62. Be3 Nf5 63. Rb5 Kg6 64. Rb6+ Kg7 65. Rb7+ Kg8 66.
Rb8+ Kf7 67. Rb7+ Ke8 68. Bc1 g3 69. Rb3 Ra1 70. Rc3 h5 71. Rc5 h4 72. Kg2 Ra2+
73. Kf3 Rf2+ 74. Ke4 g2 75. Re5+ Kf7 0-1